Pays par une seule indice #9 - Statistiques

Statistiques générales
  • Ce quiz a été pris 206 fois
  • Le résultat moyen est 9 sur 20
Statistiques - réponses
indice pays % Correct
Pays le plus au nord de l'Afrique Tunisie
95%
Sa ville capitale est Vilnius Lituanie
83%
Le pays a le PIB par habitant le plus élevé dans l'hémisphère sud Australie
66%
Une grande partie de sa superficie est dans le delta du Gange Bangladesh
61%
Empereurs ont été enterrés en costumes de jade Chine
60%
Contient le plus de catholiques de tous les pays d'Europe de l'Est Pologne
57%
Le pays le plus méridional de l'Amérique centrale Panama
53%
Emplacement du désert d'Atacama Chili
52%
Contient une région autonome kurde avec son propre Parlement Irak
48%
Où les rivières Shannon et Liffey s'écoulent Irlande
42%
L'Inde et ce pays ont une majorité hindoue Népal
41%
Pays le plus instruit au Moyen-Orient Israël
39%
Ce pays a la constitution la plus ancienne encore utilisée Etats-Unis
37%
Melania Trump est née dans ce petit pays européen Slovénie
33%
Jusqu'en 1480, il était possible de marcher de ce pays vers l'Inde Sri Lanka
33%
Dirigé par le roi Abdallah II, qui est parfois considéré comme un dictateur bienveillant Jordanie
23%
Les pirates marins de ce pays ont inspiré le film "Capitaine Phillips" Somalie
23%
Le plus grand pays enclavé dans l'hémisphère occidental Bolivie
19%
Obtient un volume total de précipitations supérieures à tout autre pays Brésil
17%
Les Roms (Tsiganes) sont originaires de ce pays Inde
13%
Aucun quiz correspondant
Distribution des résultats
% des personnes avec chaque résultat
Percentile par nombre de réponses
Votre historique - résultats
Vous n’avez pas pris ce quiz